000 00572cam a2200217 4500
001 B3248
008 090401t1987 xxu||||| |||| 00| 0 eng d
035 _a(Sirsi) u54930
041 _aeng
050 _a306.52
110 _aArchitects Journal
245 4 _aThe Segal method (special issue 5th November 1987)
260 _aLondon
_bArchitects Journal
_c1987
300 _a(26)p. : ill. ; 30cm.
350 _a0
650 _aSELF-BUILD HOUSING
650 _aTIMBER FRAME BUILDINGS
650 _aWALTER SEGAL SELF BUILD TRUST
942 _n0
948 _c04/03/1997
999 _c93518
_d93518